000 00288nam a2200121Ia 4500
008 220204s9999 xx 000 0 und d
082 _a334
_bVEN
100 _aVENUGOPAL, P V
245 0 _aCooperation
260 _aKottayam
_bVidyarthimithram
_c1978
650 _aCooperation
942 _cBK
999 _c31460
_d31460